Logo BPK

Biblioteka

Politechniki Koszalińskiej

Funkcii i grafiki / (Rekord nr 14108)

Szczegóły MARC
000 -ETYKIETA REKORDU
podpole kontrolne o stałej długości 00638nam a2200217 i 4500
001 - NUMER KONTROLNY REKORDU
pole kontrolne bg
040 ## - ŹRÓDŁO KATALOGOWANIA
Instytucja, która utworzyła rekord BPK
041 ## - KOD JĘZYKA
Kod języka tekstu pol
080 ## - UNIWERSALNA KLASYFIKACJA DZIESIĘTNA - UKD
UKD 517
008 - POLE O STAŁEJ DŁUGOŚCI - DANE KONTROLNE
podpole kontrolne o stałej długości s pl f |000 0 pol
100 1# - NAZWA OSOBOWA
Nazwa osobowa Ge~7lfand, Izrail Moiseevič
Daty związane z nazwą (1913- ).
245 #0 - TYTUŁ/ODPOWIEDZIALNOŚĆ
Tytuł Funkcii i grafiki /
Pozostałe elementy strefy tytułu i oznaczenia odpowiedzialności I. M. Ge~7lfand, E. G. Glagoleva, E. E. Snol'.
250 ## - STREFA WYDANIA
Oznaczenie wydania Izd. 4, ispr.
260 ## - STREFA ADRESU WYDAWNICZEGO
Miejsce wydania Moskva :
Nazwa wydawcy/dystrybutora Izdat. "Nauka",
Data publikacji, dystrybucji/powstania dokumentu 1971.
300 ## - STREFA OPISU FIZYCZNEGO
Objętość s. 94 :
Inne cechy fizyczne ilustr.
490 1# - STREFA SERII I DOKUMENTU WIELOCZĘŚCIOWEGO - FORMA NIE DO WYSZUKIWANIA
Tytuł i oznaczenie odpowiedzialności serii Biblioteka Fiziko-matematiceskoj skoly ;
Numeracja w obrębie serii Vyp. 2
700 1# - HASŁO DODATKOWE - NAZWA OSOBOWA
Nazwa osobowa GLAGOLEVA, E. G.
700 1# - HASŁO DODATKOWE - NAZWA OSOBOWA
Nazwa osobowa SNOL', E. E.
830 ## - HASŁO DODATKOWE SERII LUB DOKUMENTU WIELOCZĘŚCIOWEGO - TYTUŁ UJEDNOLICONY
Tytuł ujednolicony Biblioteka Fiziko-matematiceskoj skoly ;
942 ## - DODATKOWE ELEMENTY (KOHA)
Typ dokumentu Książka
Egzemplarze
Wycofany Status egzemplarza Uszkodzony Dostępność Lokalizacja stała Lokalizacja bieżąca Miejsce przechowywania Sygnatura Kod kreskowy Typ dokumentu
      Dostępny Biblioteka Politechniki Koszalińskiej Biblioteka Politechniki Koszalińskiej Wypożyczalnia BG 12170 01758900 Książka
© 2023 Biblioteka Politechniki Koszalińskiej :: KOHA